The engaging museum : developing museums for visitor involvement

Saved in:
Bibliographic Details
Main Author Black, Graham, 1951- (Author)
Format Book
LanguageEnglish
Published London : Routledge, 2005
Edition1st pub.
SeriesHeritage: care, preservation, management
Subjects
ISBN0-415-34557-X 978-0-415-34557-6
0-415-34556-1 978-0-415-34556-9
Physical Descriptionxii, 308 s. : il. ; 25 cm

Cover

LEADER 00000aam a2200000 a 4500
001 115684
003 CZ-ZlUTB
005 20260529085400.0
007 ta
008 121106s2005 xxka fr 001 0 eng d
020 |a 0-415-34557-X  |q (brož.)  |z 978-0-415-34557-6 
020 |a 0-415-34556-1  |q (váz.)  |z 978-0-415-34556-9 
040 |a ABA006  |b cze  |c ABA006  |d ABA006  |d ZLD002 
072 7 |a 069  |x Muzea. Muzeologie. Muzejnictví. Výstavy  |2 Konspekt  |9 12 
080 |a 069  |2 MRF 
080 |a 930.85  |2 MRF 
080 |a 7.025.3/.4  |2 MRF 
080 |a 069.9:7.071.5  |2 MRF 
080 |a (035)  |2 MRF 
080 |a (078.7)  |2 MRF 
100 1 |a Black, Graham,  |d 1951-  |7 vse2012736949  |4 aut 
245 1 4 |a The engaging museum :  |b developing museums for visitor involvement /  |c Graham Black 
250 |a 1st pub. 
260 |a London :  |b Routledge,  |c 2005 
300 |a xii, 308 s. :  |b il. ;  |c 25 cm 
490 1 |a The heritage: care, preservation, management 
504 |a Obsahuje bibliografii a rejstřík 
650 0 7 |a muzejnictví  |7 ph123051  |2 czenas 
650 0 7 |a kulturní dědictví  |7 ph137975  |2 czenas 
650 0 7 |a ochrana kulturního dědictví  |7 ph137196  |2 czenas 
650 0 7 |a kurátorství výstav  |7 ph482830  |2 czenas 
650 0 9 |a museum management  |2 eczenas 
650 0 9 |a cultural heritage  |2 eczenas 
650 0 9 |a protection of cultural heritage  |2 eczenas 
650 0 9 |a exhibition curatorship  |2 eczenas 
653 0 |a návštěvnost 
655 7 |a příručky  |7 fd133209  |2 czenas 
655 7 |a případové studie  |7 fd133208  |2 czenas 
655 9 |a handbooks, manuals, etc.  |2 eczenas 
655 9 |a case studies  |2 eczenas 
830 0 |a Heritage: care, preservation, management 
910 |a ZLD002 
942 |2 udc 
952 |0 0  |1 0  |4 0  |5 0  |6 069BLACKG  |7 -1  |8 BOOK  |9 191242  |a UTBZL  |b UTBZL  |c 005  |d 2026-05-21  |l 0  |o 069/BLACK,G.  |p 420010202159  |r 2026-05-21 13:53:50  |v 645.00  |w 2026-05-21  |x N:nákup  |y 01 
992 |b SK 
999 |c 115684  |d 115684